[Event "Asian Schools-ch 14th U17"]
[Site "Waskaduwa"]
[Date "2018.08.09"]
[Round "1.5"]
[White "Jayawardana, Lasal"]
[Black "Kavisekara, KMHPG Pasindu M"]
[Result "1-0"]
[WhiteElo "1807"]
[BlackElo "1238"]
[PlyCount "71"]
[EventDate "2018.08.09"]
[EventType "swiss"]
[EventRounds "9"]
[EventCountry "SRI"]
[SourceTitle "EXT 2024"]
[Source "ChessBase"]
[SourceDate "2023.10.10"]
[SourceVersion "1"]
[SourceVersionDate "2023.10.10"]
[SourceQuality "1"]

1. e4 c5 2. Nf3 d6 3. Bb5+ Bd7 4. Bxd7+ Nxd7 5. c4 e6 6. d4 cxd4 7. Nxd4 Ngf6 8. Nc3 a6 9. 0-0 Be7 10. Be3 0-0 11. f3 Rc8 12. b3 Qa5 13. Qd2 b5 14. Nd5 Qd8 15. Nxe7+ Qxe7 16. cxb5 axb5 17. Rac1 d5 18. exd5 Nxd5 19. Nxb5 Nxe3 20. Qxe3 Qb4 21. a4 Nf6 22. Rxc8 Rxc8 23. Rc1 Rxc1+ 24. Qxc1 g6 25. Qc3 Qe7 26. Nc7 Nd5 27. Nxd5 exd5 28. Kf2 Qa7+ 29. Qe3 d4 30. Qd3 Kf8 31. Ke2 Ke7 32. Qc2 Kd6 33. Kd3 Qa6+ 34. Kxd4 Qa7+ 35. Kc4 Qc7+ 36. Kd3 1-0